Účinek herbicidů na rezistentní biotyp laskavce ohnutého a na ježatku kuří nohu

Bibliographic Details
Main Author: Zemánek, Jiří, 1919- (Author)
Format: Article
Language:Czech
PhysicalDescription:Obr., tab.
Subjects:

MARC

LEADER 00000nab a2200000 a 4500
001 vtls000300457
003 SK-MaSNL
005 20260304034847.0
008 230120c1987 xo 0 cze
015 |a SNBRB19rr/mm-uuuuu 
035 |a CL0310576 
035 |a urn:nbn:sk:snk-abbhmj 
035 |a (urnnbn)urn:nbn:sk:snk:ar-008ab0 
035 |a (uuid)4d69de3c-db4f-4f55-97dc-660f79721ea3 
040 |a SNKBUCL  |b slo  |c SNKBUCL  |e AACR2 
041 0 |a cze 
044 |a xo  |c SK 
080 |a 632.938:632.51:582.663  |2 1981 
080 |a 632.51  |2 1981 
080 |a 582.663  |2 1981 
080 |a 632.938  |2 1981 
100 1 |a Zemánek, Jiří,  |d 1919-  |4 aut  |9 117812 
245 1 0 |a Účinek herbicidů na rezistentní biotyp laskavce ohnutého a na ježatku kuří nohu  |c Jiří Zemánek 
300 |b Obr., tab. 
504 |a Bibliogr. odkazy 
650 0 7 |a láskavec ohnutý  |2 snkbucl  |9 19890 
650 0 7 |a ježatka kuria  |2 snkbucl  |9 87827 
650 0 7 |a buriny  |2 snkbucl  |9 15855 
650 0 7 |a herbicídy  |2 snkbucl  |9 14852 
655 7 |a články z novín a časopisov  |2 snkbucl  |9 267496 
773 0 |t Agrochémia  |g Roč. 27, č. 12 (1987), s. 367-371 
850 |a Slovenská národná knižnica v Martine  |a MTA001 
852 |a SNK  |b KIS3GCP 
954 |a odborná, vedecká literatúra cudzojazyčná (svetová)  |2 lita 
954 |a odborná, vedecká literatúra pôvodná (slovenská)  |2 lita 
958 |a OND 
958 |a NB 
958 |a RK 
958 |a CZ 
958 |a EUIPO 
958 |a article15 
992 |a RBX 
999 |c 2655313  |d 2657243